000
00285nam a22001217a 4500
008
170713b xxu||||| |||| 00| 0 eng d
041
_a
eng
080
_2
5TH
_a
038
100
_a
23
101
_a
FJA
245
_a
DICTIONARY OF FINANCE AND INVESTMENT TERMS
_c
DOWNES,J
942
_2
udc
_c
BK
999
_c
20442
_d
20442